000 00742nam a2200289Ia 4500
005 20260324145358.0
008 008 260324s9999 xx 000 0 eng d
020 _a9780429304811
037 _aEBOOK
040 _aCRL
040 _beng
040 _cCRL
041 _2eng
041 _aeng
084 _qCRL
100 _aEl Sayed Yassin; Malcolm H. Kerr; Ismail Serageldin; Jeswald Salacuse
_91222748
245 0 _aRich And Poor States In The Middle East
245 0 _bEgypt And The New Arab Order
260 _bTaylor and Francis
260 _c1982
365 _a
365 _b230
856 _uhttp://www.taylorfrancis.com/books/9780429304811
942 _cEBOOK
999 _c1830577
_d1830577